000 01075nam a22002777a 4500
005 20090617103244.0
008 080922t xxu||||| |||| 00| 0 eng d
010 _aENG-94065
020 _a9788170005155
_c925.00
035 _aEN-77598
037 _bDBAD / PUB
040 _adpl
_bEnglish
082 _a025.00285
100 _aAmjad Ali
245 _aDigital libraries and information networks /
_cby Amjad Ali
260 _aNew Delhi
_bEss Ess Publications
_c2007
270 _a4837/24, Ansari Raod, Darya Ganj,
_bNew Delhi
_e110002
300 _a414p.
_c22cm(Hb)
500 _aIncludes bibliographical references and index
650 _aDigital libraries
_zIndia
650 _aDigital libraries
_zUnited States
650 _aLibrary information networks
_zIndia
650 _aLibrary information networks
_zUnited States
942 _2ddc
_cEN
_mAMJ
_h025.00285
999 _c27528
_d27528